Statistics for Badlands Chugs Quiz

Click here to take the quiz!

General Stats

  • This quiz has been taken 87 times
  • The average score is 4 of 7

Answer Stats

HintAnswer% Correct
What state is Badlands Chugs from?New York
91%
What genre of music did Badlands produce before going into competitive eating?Rap
62%
What's his real name?Eric Booker
60%
Which fruit did Badlands spit out after drinking a two litre bottle of Sprite?Banana
57%
How many of those fruits were actually eaten?4
53%
In what year did Badlands Chugs start his eating journey?1997
47%
In which fast food restaurant did Badlands Chugs give a 20$ bill to a customer?Sonic
40%

Score Distribution

Percentile by Number Answered

Percent of People with Each Score

Your Score History

You have not taken this quiz